000 00462nam a2200181Ia 4500
001 10039
003 IN-NITTTR
005 20251114233053.0
008 251113s9999||||xx |||||||||||||| ||eng||
040 _beng
040 _cIN-NITTTR
041 _aeng
082 _a546 K141C
100 _aKapoor, Ramesh
245 0 _aCollege chemistry for T.D.C.partii students (inorganic) /
_cKapoor, Ramesh, Chopra, R. S.
700 _a Chopra, R. S.
942 _2ddc
_cBK
999 _c12676
_d12676